000 00613cab a2200205 4500
001 ABS37667
008 090401t1987 xxu||||| |||| 00| 0 eng d
035 _a(Sirsi) u6026
041 _aeng
100 _aMacpherson, I.
245 _aFaster and faster track
260 _c1987
350 _a0
490 _aBuilding
_v252(20) 15 May 1987, 64-65(2)
520 _aA description of the Broadgate project where fast track construction methods are being used to great effect.
650 _aCONSTRUCTION MANAGEMENT
_96230
690 _aBUILT ENVIRONMENT-CONSTRUCTION DESIGN
942 _n0
948 _c04/03/1997
999 _c3610
_d3610